Medaliści Mistrzostw Świata w Lotach Narciarskich 2010 - Statystyki

Ogólne statystyki
  • Ten quiz został rozwiązany 16 razy
  • Średni wynik to 10 z 15
Statystyki odpowiedzi
Konkurs Miejsce Reprezentancja Zawodnik % Poprawnych
Indywidualny 1. Szwajcaria Simon Ammann
100%
2. Austria Gregor Schlierenzauer
81%
1. Austria Gregor Schlierenzauer
81%
2. Norwegia Anders Bardal
75%
3. Norwegia Anders Jacobsen
75%
2. Norwegia Anders Jacobsen
75%
Drużynowy 1. Austria Wolfgang Loitzl
75%
3. Finlandia Harri Olli
63%
1. Austria Martin Koch
63%
3. Finlandia Matti Hautamäki
63%
1. Austria Thomas Morgenstern
63%
3. Finlandia Janne Happonen
56%
2. Norwegia Bjørn Einar Romøren
50%
2. Norwegia Johan Remen Evensen
50%
3. Finlandia Olli Muotka
19%
Nie znaleziono quizów pasujących do podanych kryteriów
Rozkład punktacji
Procent ludzi z każdym wynikiem
Percentyl według liczby udzielonych odpowiedzi
Twoja historia wyników
Nie rozwiązałeś tego quizu